Music Quiz

Random Music or Artist Quiz
Score 0/45 Timer 05:00
2 Plays Today
% Correct
Jay-Z
85.6%
Eminem
85.3%
Dolly Parton
85.3%
Gangsta's Paradise
85.1%
Nuthin' But a G Thang
84.7%
Don't Stop Believin'
84.7%
Axl Rose
84.4%
Freddie Mercury
84.2%
Mick Jagger
83.9%
Take Me Home, Country Roads
83.7%
In Da Club
83.4%
Metallica
83.2%
The Chicks
83%
Hotel California
82.4%
Stairway to Heaven
81.7%
Run-DMC
81.7%
The Beatles
81.7%
Before He Cheats
81.6%
N.W.A.
81.5%
Carrie Underwood
81.2%
Coal Miner's Daughter
81%
Blake Shelton
80.9%
Zac Brown Band
80.9%
% Correct
Pink Floyd
80.8%
Snoop Dogg
80.1%
Smoke on the Water
79.3%
Johnny Cash
78.3%
Nirvana
78.2%
Garth Brooks
78.2%
Tupac Shakur
77.9%
Lose Yourself
77.9%
More Than a Feeling
77.8%
OutKast
77.7%
Nicki Minaj
77.5%
Wu-Tang Clan
77.5%
Alabama
76%
Janis Joplin
75.6%
Rascal Flatts
75.4%
Stevie Nicks
75.4%
Public Enemy
75.1%
Friends in Low Places
72.5%
U2
71.1%
Lady A
69.9%
God's Plan
66.6%
Jolene
63.4%
Remove Ads.
Support Sporcle.
Get the best of Sporcle when you Go Orange. This ad-free experience offers more features, more stats, and more fun while also helping to support Sporcle. Thank you for becoming a member.

You're not logged in!

Compare scores with friends on all Sporcle quizzes.
OR
Log In

Show Comments

Extras

Top Quizzes Today


Score Distribution

Your Account Isn't Verified!

In order to create a playlist on Sporcle, you need to verify the email address you used during registration. Go to your Sporcle Settings to finish the process.

Report this User

Report this user for behavior that violates our Community Guidelines.

Details: